[Event "Vienna IM February 2022"]
[Site "Vienna"]
[Date "2022.02.06"]
[Round "1.1"]
[White "Peyrer, Konstantin"]
[Black "Borrmann, Laurenz"]
[Result "0-1"]
[WhiteElo "2301"]
[BlackElo "2232"]
[Annotator "ChessBase"]
[PlyCount "96"]
[EventDate "2022.02.06"]
[EventType "tourn"]
[EventCountry "AUT"]
[SourceTitle "playchess.com"]
[Source "ChessBase"]
[SourceQuality "1"]
[TimeControl "40/5400+30:1800+30"]

1. e4 {[%emt 0:00:10]} c6 {[%emt 0:00:13]} 2. d3 {[%emt 0:00:12]} d5 {[%emt 0:00:08]} 3. Nd2 {[%emt 0:00:04]} e5 {[%emt 0:00:11]} 4. Ngf3 {[%emt 0:00:08]} Bd6 {[%emt 0:00:08]} 5. d4 {[%emt 0:00:10]} exd4 {[%emt 0:00:14]} 6. Bd3 {[%emt 0:00:58]} dxe4 {[%emt 0:10:05]} 7. Nxe4 {[%emt 0:00:16]} Bb4+ {[%emt 0:04:28]} 8. c3 {[%emt 0:00:13]} dxc3 {[%emt 0:02:36]} 9. O-O {[%emt 0:00:08]} Bf5 {[%emt 0:10:38]} 10. Bg5 {[%emt 0:20:57]} Be7 {[%emt 0:06:05]} 11. Re1 {[%emt 0:00:51]} Bxe4 {[%emt 0:10:32]} 12. Rxe4 {[%emt 0:00:08]} cxb2 {[%emt 0:01:21]} 13. Rb1 {[%emt 0:00:15]} Nd7 {[%emt 0:02:04]} 14. Rd4 {[%emt 0:00:43]} Bxg5 {[%emt 0:09:53]} 15. Bf5 {[%emt 0:00:15]} Bf6 {[%emt 0:01:13]} 16. Rxd7 {[%emt 0:01:19]} Qa5 {[%emt 0:04:33]} 17. Qd6 {[%emt 0:24:16]} Ne7 {[%emt 0:01:38]} 18. Be4 {[%emt 0:00:17]} Rd8 {[%emt 0:01:12]} 19. Rd1 {[%emt 0:00:37]} Nd5 {[%emt 0:08:39]} 20. Ne5 {[%emt 0:03:18]} Be7 {[%emt 0:04:12]} 21. Rxe7+ {[%emt 0:01:35]} Nxe7 {[%emt 0:00:20]} 22. Qxd8+ {[%emt 0:00:05]} Qxd8 {[%emt 0:00:04]} 23. Rxd8+ {[%emt 0:00:06]} Kxd8 {[%emt 0:00:03]} 24. Nxf7+ {[%emt 0:00:07]} Ke8 {[%emt 0:02:35]} 25. Nxh8 {[%emt 0:00:09]} g6 {[%emt 0:01:29]} 26. h4 {[%emt 0:00:35]} Kf8 {[%emt 0:01:18]} 27. Kf1 {[%emt 0:00:51]} Nd5 {[%emt 0:00:39]} 28. Nxg6+ {[%emt 0:01:21]} hxg6 {[%emt 0:00:16]} 29. Bxg6 {[%emt 0:00:04]} Nc3 {[%emt 0:01:36]} 30. h5 {[%emt 0:00:15]} Nxa2 {[%emt 0:01:56]} 31. g4 {[%emt 0:00:17]} Nc3 {[%emt 0:00:23]} 32. f4 {[%emt 0:00:23]} a5 {[%emt 0:00:52]} 33. h6 {[%emt 0:00:13]} a4 {[%emt 0:00:34]} 34. Kg2 {[%emt 0:01:28]} a3 {[%emt 0:01:00]} 35. h7 {[%emt 0:00:09]} Kg7 {[%emt 0:00:20]} 36. f5 {[%emt 0:00:06]} b1=Q {[%emt 0:02:38]} 37. f6+ {[%emt 0:00:08]} Kxg6 {[%emt 0:00:11]} 38. h8=Q {[%emt 0:00:07]} Qe4+ {[%emt 0:00:29]} 39. Kg3 {[%emt 0:01:05]} Qe5+ {[%emt 0:01:38]} 40. Kg2 {[%emt 0:00:00]} Qe2+ {[%emt 0:00:00]} 41. Kh1 {[%emt 0:01:48]} Qf1+ {[%emt 0:03:01]} 42. Kh2 {[%emt 0:00:09]} Qxf6 {[%emt 0:00:39]} 43. Qg8+ {[%emt 0:00:11]} Qg7 {[%emt 0:00:14]} 44. Qe6+ {[%emt 0:00:31]} Kh7 {[%emt 0:00:22]} 45. Qf5+ {[%emt 0:00:21]} Kh8 {[%emt 0:00:29]} 46. Kg2 {[%emt 0:00:34]} Qe7 {[%emt 0:00:41]} 47. Qa5 {[%emt 0:01:18]} Nd5 {[%emt 0:00:52]} 48. Kg3 {[%emt 0:00:25]} Qc7+ {[%emt 0:00:09]} 0-1

[Event "Vienna IM February 2022"]
[Site "Vienna"]
[Date "2022.02.06"]
[Round "1.2"]
[White "Yankelevich, Lev"]
[Black "Finek, Vaclav"]
[Result "1-0"]
[WhiteElo "2444"]
[BlackElo "2419"]
[Annotator "TA"]
[PlyCount "85"]
[EventDate "2022.02.06"]
[EventType "tourn"]
[EventCountry "AUT"]
[SourceTitle "playchess.com"]
[Source "ChessBase"]
[SourceQuality "1"]

{[%evp 19,85,8,3,0,25,29,58,77,96,87,86,81,85,78,160,167,177,162,159,166,272,273,266,178,173,0,231,82,79,45,73,72,72,72,215,229,223,200,218,55,23,0,214,214,193,83,328,54,690,727,722,718,717,685,29984,5227,29987,29988,29988,29989,29989,29990,29990,29991,29991,29992,29992,29993]} 1. d4 Nf6 2. c4 g6 3. Nc3 d5 4. cxd5 Nxd5 5. e4 Nxc3 6. bxc3 Bg7 7. Nf3 c5 8. Bb5+ Nc6 9. O-O O-O 10. Bxc6 bxc6 11. Qc2 $1 {[%mdl 4] [#] is currently scoring better than 11.Ba3. D85: Exchange Grünfeld: Unusual White 7th moves and lines with 7 Nf3.} Bg4 $146 ({Predecessor:} 11... Rb8 12. Ba3 cxd4 13. cxd4 Re8 14. Ne5 Bxe5 15. dxe5 Qa5 16. Bc5 Be6 17. h3 Rb5 18. Rfc1 Qc7 {0-1 (39) Gelfand,B (2663)-Vachier Lagrave,M (2761) Warsaw 2021}) 12. Ne5 Bxe5 13. dxe5 {White is slightly better.} Qa5 14. Bg5 Rfe8 15. h3 (15. f4 {seems wilder.} c4 16. h3 Bc8 17. Rad1 Rb8 18. Rd2) 15... Be6 16. f4 Rad8 ({Black should try} 16... Bc4) 17. f5 $1 $16 Bc4 18. Rf3 Qc7 19. Bf4 {[%cal Oe5e6] Strongly threatening e6!} Qc8 (19... e6 $142 20. Bg5 exf5) 20. Re1 $18 Kh8 21. Bg5 Qc7 22. Bf4 (22. e6 $142) 22... Qc8 23. f6 (23. e6 $1 $18 {[%cal Re6f7] Threatens to win with exf7.} f6 24. e5) 23... Qe6 24. Qc1 Rd3 25. Rf2 ({Don't play} 25. Rxd3 Bxd3 26. Qd2 Bc4 $14) 25... exf6 26. exf6 Qxf6 (26... Red8 $16) 27. Bg5 $1 Qd6 28. e5 {[%mdl 1024] White has strong compensation.} Qf8 29. Bh6 $2 (29. Re4 $18) 29... Qe7 $14 30. Bg5 $2 $36 {[%mdl 2048] Black is under pressure.} (30. Qf4 $11 Qe6 31. Qh4) 30... Qf8 $1 $18 31. Re4 Bd5 32. Rh4 (32. Bf6+ $1 $18 {and White stays clearly on top.} Kg8 33. Ra4) 32... c4 $2 (32... h5 $16 {was worth a try.}) 33. Rh6 $2 (33. Bh6 $1 $18 {[%cal Rh6f8]} Qe7 34. Bg7+ $1 Kg8 35. Rxh7 $1 (35. Qh6 Qxh4 36. Qxh4 Kxg7 $11) 35... Rd1+ 36. Qxd1 Kxh7 37. Bf6) 33... f5 $2 {[%mdl 8192]} (33... Qc5 34. Qf4 Kg8 35. Rxh7 $1 Rxe5 36. Bf6 Kxh7 37. Bxe5 $18) (33... Kg8 $14 34. Bf6 Qc5) 34. Bf6+ Kg8 {[#]} 35. Qg5 $1 Qf7 36. h4 {Hoping for h5.} Qb7 {[#]} 37. h5 (37. Rxg6+ $142 $1 {[%mdl 512]} hxg6 38. Qxg6+ Kf8 39. Qh6+ Kf7 40. Qh5+ Kg8 41. Qxe8+ Kh7 42. Qh5+ Kg8 43. Qh8+ Kf7 44. Qh7+ Kf8 45. Qxb7) 37... Bf7 38. hxg6 {White mates.} Bxg6 39. Rxg6+ hxg6 40. Qxg6+ Kf8 41. Qh6+ Kg8 42. Qh8+ Kf7 43. Qh7+ {Weighted Error Value: White=0.40/Black=0.78} 1-0

[Event "Vienna IM February 2022"]
[Site "Vienna"]
[Date "2022.02.06"]
[Round "1.3"]
[White "Cu Hor, Winston Darwin"]
[Black "Savanovic, Aleksandar"]
[Result "1/2-1/2"]
[WhiteElo "2337"]
[BlackElo "2391"]
[Annotator "TA"]
[PlyCount "75"]
[EventDate "2022.02.06"]
[EventType "tourn"]
[EventCountry "AUT"]
[SourceTitle "playchess.com"]
[Source "ChessBase"]
[SourceQuality "1"]

{[%evp 25,75,18,18,11,10,18,24,26,23,4,17,0,0,0,12,-9,-12,-11,0,0,0,0,22,23,23,0,0,0,0,0,0,-25,0,0,0,-164,-160,-166,-166,-166,-170,-160,-131,-233,-231,-111,-68,-55,0,-53,0,0]} 1. Nf3 d5 2. c4 e6 3. e3 Nf6 4. Nc3 Be7 5. b3 O-O 6. Bb2 c5 7. cxd5 exd5 8. d4 Nc6 9. Be2 Bg4 10. dxc5 Bxc5 11. O-O a6 12. a3 Ba7 13. b4 Qd6 14. h3 {D40: Queen's Gambit Declined: Semi-Tarrasch with 5 e3.} Bxf3 15. Bxf3 {[%cal Rc3d5]} Rad8 16. Ne2 {White has an edge.} Ne5 17. Ng3 {[#]} Rfe8 $146 ({Predecessor:} 17... Bb8 18. Re1 Nc4 19. Bd4 Rfe8 20. Re2 Ne4 21. Nf1 Re6 22. Rc2 b5 23. g3 Rg6 {1-0 (52) Gritsak,O (2457)-Enchev,I (2496) Heusenstamm 2018}) 18. Bd4 {A strong pair of Bishops.} Bb8 19. Re1 Qe6 20. Nf1 Ne4 21. Rc1 Qg6 22. Bxe5 Bxe5 23. Qc2 {To avoid Bb2} Qf6 24. Bxe4 dxe4 25. Red1 Qe6 26. Rxd8 Rxd8 {[%cal Be8d8,Bd8d3,Bd3c3][%mdl 32]} 27. Nd2 f5 28. Kf1 Rd3 29. Qc8+ Kf7 {[%cal Bg8f7,Bf7e6,Be6d5][%mdl 32] Hoping for ...Qxc8.} 30. Qxe6+ (30. Nc4 $11 {and White is okay.}) 30... Kxe6 $11 {[%mdl 4096] Endgame KRB-KRN} 31. Nc4 {[#]} Rc3 $1 32. Rxc3 Bxc3 $19 {KB-KN} 33. Ke2 b5 34. Nd2 {[#]} (34. Na5 $17 {keeps fighting.}) 34... Kd5 $1 {Strongly threatening ...Bxd2.} 35. Nb3 Bb2 (35... h6 $17 36. Kd1 g5) 36. Kd2 $1 $15 g5 ({Reject} 36... Bxa3 37. Kc3 $11) (36... Bf6 $15) 37. g3 (37. Kc2 $11 Bg7 38. g4) 37... h6 ({Of course not} 37... Bxa3 38. Kc3 $11) (37... Be5 $15) 38. g4 {Weighted Error Value: White=0.21 (precise) /Black=0.10 (very precise)} 1/2-1/2

[Event "Vienna IM February 2022"]
[Site "Vienna"]
[Date "2022.02.06"]
[Round "1.5"]
[White "Baidetskyi, Valentin"]
[Black "Kruckenhauser, Arthur"]
[Result "1-0"]
[WhiteElo "2427"]
[BlackElo "2278"]
[Annotator "TA"]
[PlyCount "49"]
[EventDate "2022.02.06"]
[EventType "tourn"]
[EventCountry "AUT"]
[SourceTitle "playchess.com"]
[Source "ChessBase"]
[SourceQuality "1"]

{[%evp 9,49,-18,0,0,0,-4,0,0,0,-10,-10,-13,-8,-18,-9,-15,0,0,-5,-27,-18,-42,-30,-26,7,-12,31,0,0,-12,0,-6,429,445,472,479,29979,11216,29995,29992,29996,29997]} 1. e4 e5 2. Nf3 Nf6 3. d3 Nc6 4. Be2 Be7 5. O-O O-O 6. Re1 {C44: Ponziani Opening and Scotch Gambit.} d5 7. exd5 Nxd5 8. Bf1 {The position is equal.} Bc5 9. c3 {[#]} a5 $146 {Inhibits b4.} ({Predecessor:} 9... Re8 10. b4 Bd6 11. b5 Na5 12. c4 Nf4 13. d4 e4 14. Bd2 Bg4 15. Qc1 exf3 16. Rxe8+ Qxe8 17. Bxf4 fxg2 {0-1 (50) Mrsevic,M (2312)-Stojanovic,D (2331) Serbia 2009}) 10. Nbd2 Re8 11. Ne4 Ba7 12. Bd2 Bg4 13. h3 Bh5 14. g4 Bg6 15. Qb3 Qd7 {[%cal Oa5a4]} 16. Nh4 ({Not} 16. Qxb7 $2 Reb8 17. Qxc6 Qxc6 $19) 16... a4 17. Qd1 ({Wrong is} 17. Qxb7 $2 Reb8 18. Qxa8 Rxa8 $19) 17... Qd8 (17... Nd8 $11) 18. Nf5 Qd7 19. Qf3 Rad8 20. Rad1 Nde7 $2 {[%mdl 8192] [#] Black cannot hold the game after this.} (20... Bxf5 $11 {and Black is okay.} 21. gxf5 f6) 21. Nxg7 $1 $18 {[%mdl 512]} Bxe4 (21... Nd5 22. Nxe8) 22. dxe4 ({Inferior is} 22. Qf6 {[#]} Nd5 $1 23. Qh4 (23. Nxe8 Rxe8 24. Qh4 Bg6 $17) 23... Bg6 24. Nxe8 Rxe8 $17) 22... Kxg7 {[#]} (22... Qd6 $18 23. Nxe8 Rxe8) 23. Bh6+ $1 {[%mdl 576] Discovered Attack, Decoy} Kxh6 (23... Kg6 24. Rxd7) 24. Qf6+ Ng6 25. Be2 {Weighted Error Value: White=0.05 (flawless) /Black=1.04} 1-0

[Event "Vienna IM February 2022"]
[Site "Vienna"]
[Date "2022.02.06"]
[Round "2.4"]
[White "Finek, Vaclav"]
[Black "Cu Hor, Winston Darwin"]
[Result "*"]
[WhiteElo "2419"]
[BlackElo "2337"]
[Annotator "TA"]
[PlyCount "48"]
[EventDate "2022.02.06"]
[EventType "tourn"]
[EventCountry "AUT"]
[SourceTitle "playchess.com"]
[Source "ChessBase"]
[SourceQuality "1"]

{[%evp 15,48,43,49,37,61,58,56,54,55,50,51,39,50,54,90,97,87,69,75,75,62,59,58,17,11,22,12,0,0,0,7,0,0,0,6]} 1. Nf3 Nf6 2. c4 e6 3. g3 d5 4. d4 Bb4+ 5. Bd2 Bxd2+ 6. Nbxd2 c6 7. Bg2 O-O 8. O-O Nbd7 {8...b6 is the fancy move.} 9. Qc2 {E11: Bogo-Indian.} b6 10. e4 dxe4 11. Nxe4 {White is slightly better.} Nxe4 12. Qxe4 Bb7 13. Rac1 {[#]} Rb8 $146 ({Predecessor:} 13... Qe7 14. c5 Rfe8 15. Qe3 e5 16. Rfe1 Qe6 17. Nxe5 Qxa2 18. Ra1 Qe6 19. Nxc6 bxc5 20. Qxe6 fxe6 {1-0 (51) Cheparinov,I (2681)-Demchenko,A (2615) Jerusalem 2015}) 14. c5 bxc5 15. dxc5 Qa5 {[%csl LRa2,LRc5]} 16. b4 ({Reject} 16. Ng5 Nf6 17. Qe5 h6 $11) 16... Qa3 17. Rfd1 ({Much weaker is} 17. Ng5 Nf6 18. Qe3 Qxe3 19. fxe3 Ba6 $11) 17... Nf6 18. Qe1 {White is more active.} Ba8 $1 19. Nd4 (19. Rc4 $14 {is more appropriate.}) 19... Qxb4 $11 {The position is equal.} 20. Qxb4 ({Don't play} 20. Nxc6 Qxe1+ 21. Rxe1 Bxc6 22. Bxc6 Rfc8 $14) 20... Rxb4 21. Nxc6 Bxc6 22. Bxc6 Rc8 23. Bg2 Kf8 24. c6 Ke7 {Weighted Error Value: White=0.07 (flawless) /Black=0.05 (flawless)} *

[Event "Vienna IM February 2022"]
[Site "Vienna"]
[Date "2022.02.07"]
[Round "3.3"]
[White "Leisch, Lukas"]
[Black "Finek, Vaclav"]
[Result "1-0"]
[WhiteElo "2403"]
[BlackElo "2419"]
[Annotator "TA"]
[PlyCount "113"]
[EventDate "2022.02.06"]
[EventType "tourn"]
[EventCountry "AUT"]
[SourceTitle "playchess.com"]
[Source "ChessBase"]
[SourceQuality "1"]

{[%evp 12,113,20,9,0,0,14,0,48,45,62,36,69,71,72,65,92,64,70,55,80,97,112,109,162,174,233,221,289,212,225,216,198,205,268,273,279,292,294,282,283,287,289,229,290,292,457,429,409,394,536,538,545,539,530,512,551,546,529,504,686,685,671,645,713,709,757,739,759,747,875,714,772,757,746,672,773,712,698,687,671,667,812,794,950,958,985,960,1058,1006,1109,994,1534,1524,1481,1487,1431,1370,1554,1543,1952,1874,1762,1644]} 1. d4 d5 2. c4 c6 3. Nf3 Nf6 4. g3 g6 5. Bg2 Bg7 6. O-O O-O 7. Ne5 Ne4 {Recently 7...Ng4 got a lot of attention. D78: Fianchetto Grünfeld: 6 0-0 c6.} 8. Nc3 Nxc3 9. bxc3 dxc4 (9... Bxe5 $11 10. dxe5 dxc4) 10. Nxc4 $14 Be6 11. Nb2 {[#] White is more active.} Nd7 $146 ({Predecessor:} 11... Qc8 12. Re1 Rd8 13. Qa4 Nd7 14. Qa3 Bf8 15. c4 Nb6 16. Qc3 Bh3 17. Bh1 Bg7 {1-0 (34) Gajendra,S (1850)-Poslusny,M (1917) Chess.com INT 2021}) 12. e4 Nb6 {[%cal Oc6c5] Inhibits d5.} 13. Qe2 Qd7 {[%cal Oc6c5]} 14. Rd1 Bh3 15. Bh1 Rad8 16. a4 {[%cal Ba2a4,Ba4a5][%mdl 32]} Qe6 17. Be3 f5 (17... h5 $16 {was called for.}) 18. a5 $18 Nd7 {[#]} (18... f4 $142) 19. e5 $1 h6 20. Nd3 {Strongly threatening Nf4.} g5 {Inhibits Nf4.} 21. Qa2 Qxa2 22. Rxa2 {[%cal Ba1a2,Ba2b2,Bb2b4][%mdl 32] f4 is the strong threat.} Bg4 23. Rdd2 Bh5 24. f4 Bf7 25. Rab2 (25. fxg5 Bxa2 26. Rxa2 Nxe5 27. Nxe5 Bxe5 $16) 25... Bc4 26. Rb4 (26. Rxb7 $6 Bxd3 27. e6 (27. Rxd3 Nc5 $11) (27. fxg5 hxg5 28. Bxg5 Nxe5 $16) (27. Bxc6 Nb8 $16) 27... Nc5 28. Rxe7 (28. dxc5 Bxc3 29. Rd1 Bb5 $16) 28... Bc4 $16) (26. fxg5 $6 hxg5 27. Bxg5 Bxd3 $16) 26... Ba6 27. c4 ({Resist} 27. fxg5 hxg5 28. Bxg5 Bxd3 $18) 27... gxf4 28. gxf4 ({Not} 28. Bxf4 e6 $16) ({Don't do} 28. Nxf4 $6 Nxe5 29. dxe5 Rxd2 30. Bxd2 Rd8 $16) 28... c5 (28... Kh8 $142 29. d5 Rg8) 29. dxc5 Nb8 30. c6 Nxc6 31. Bxc6 {White is clearly winning.} bxc6 32. Nc5 Rxd2 33. Bxd2 Bc8 34. Be3 Kf7 35. a6 h5 36. Kf2 Bh6 37. Kf3 h4 38. Rb8 h3 39. Bf2 Rd8 40. Ra8 Bf8 41. Rxa7 {aiming for Ra8.} Rd1 42. Rc7 Bxa6 43. Nxa6 Rh1 44. Bg3 Ra1 45. Nc5 Ra3+ {[#]} 46. Kf2 $1 Ra2+ 47. Ke3 Rc2 48. Kd4 Rg2 49. Nd3 Kg6 50. Nf2 Kh5 51. Nxh3 Kg4 52. Nf2+ Kf3 53. Rxc6 Rg1 54. Ra6 e6 55. c5 Be7 56. Rxe6 Bd8 57. Ra6 {Black did not feel at home in the position after the opening.  Weighted Error Value: White=0.09 (flawless) /Black=0.31} 1-0

[Event "Vienna IM February 2022"]
[Site "Vienna"]
[Date "2022.02.07"]
[Round "4.1"]
[White "Borrmann, Laurenz"]
[Black "Morgunov, Marc"]
[Result "1-0"]
[WhiteElo "2232"]
[BlackElo "2377"]
[Annotator "TA"]
[PlyCount "77"]
[EventDate "2022.02.06"]
[EventType "tourn"]
[EventCountry "AUT"]
[SourceTitle "playchess.com"]
[Source "ChessBase"]
[SourceQuality "1"]

{[%evp 15,77,-7,0,-9,-1,-4,0,-33,0,0,0,0,0,0,30,35,20,32,27,60,25,6,39,0,0,0,0,0,0,-16,-19,-12,0,0,0,0,0,0,0,0,0,-32,-17,-17,52,-25,-40,-27,0,0,0,0,8,0,0,0,11,7,7,6,6,6,421,426]} 1. d4 Nf6 2. c4 b6 3. Nc3 Bb7 4. Nf3 e6 5. e3 Bb4 6. Bd2 O-O 7. Bd3 d5 8. cxd5 {8.cxd5 scores better than 8.0-0.} exd5 9. Ne5 {E52: Nimzo-Indian: Rubinstein: 4...0-0 5 Nf3 d5 6 Bd3 b6.} Bd6 10. O-O c5 {[#]} 11. Re1 $146 {The position is equal.} ({Predecessor:} 11. Rc1 Nc6 12. Ng4 Nd7 13. Nh6+ gxh6 14. Qg4+ Kh8 15. Qf5 Nf6 16. Nxd5 Nxd4 17. Qxf6+ Qxf6 18. Nxf6 {½-½ (40) Wei,Y (2725)-Karjakin,S (2754) Jerusalem 2019}) 11... Nc6 12. Nxc6 Bxc6 13. dxc5 bxc5 14. e4 c4 {[#]} 15. exd5 $1 Nxd5 {[%cal Bf6d5,Bd5b4,Bb4c6,Bc6b4,Bb4c2][%mdl 32]} 16. Be4 Nb4 (16... Bxh2+ $2 17. Kxh2 Nb4 18. Kg1 $18) 17. Bxc6 Nxc6 18. Ne4 (18. Re4 {keeps more tension.} Ne5 19. Be3 Nd3 20. Qh5 Qf6 21. Rd1) 18... Be5 19. Bc3 (19. Qc2 {is more complex.} Nd4 20. Qa4 Qd5 21. Bc3 Rfd8 22. Nd2) 19... Bxc3 20. Nxc3 Nb4 21. b3 Rc8 {aiming for ...Qxd1.} 22. Re4 Qf6 23. Qf3 Nc2 24. Qxf6 gxf6 25. Rb1 cxb3 26. Rxb3 f5 27. Ra4 Rfd8 {[%cal Oc8c3] Hoping for ...Rxc3!} 28. Kf1 Nd4 29. Rbb4 Nc2 (29... Rxc3 $11 30. Rxd4 Rc1+ 31. Ke2 Rc2+ 32. Ke3 Re8+ 33. Kd3 Ree2) 30. Rb3 ({White should try} 30. Rc4 $14) 30... Rd3 (30... Rd2 $5 {[%cal Rc2d4]} 31. g4 Nd4 $15) 31. Nb5 Re8 {[%cal Rd3d1]} 32. g4 Rd1+ 33. Kg2 Ne1+ 34. Kh3 Nd3 {Strongly threatening ...Nc5.} 35. gxf5 Kh8 36. Rd4 ({And not} 36. Nxa7 Nc5 37. Rg4 Nxb3 38. axb3 Re2 $19) 36... Nxf2+ 37. Kg2 Rxd4 $1 (37... Re2 $2 {[#]} 38. Nc3 $1 {[%mdl 512]} Rxd4 39. Nxe2 $18) 38. Nxd4 Kg7 $2 {[%mdl 8192]} 39. Kxf2 {Weighted Error Value: White=0.10 (very precise) /Black=0.35} 1-0

[Event "Vienna IM February 2022"]
[Site "Vienna"]
[Date "2022.02.07"]
[Round "4.2"]
[White "Savanovic, Aleksandar"]
[Black "Kruckenhauser, Arthur"]
[Result "1-0"]
[WhiteElo "2391"]
[BlackElo "2278"]
[Annotator "TA"]
[PlyCount "139"]
[EventDate "2022.02.06"]
[EventType "tourn"]
[EventCountry "AUT"]
[SourceTitle "playchess.com"]
[Source "ChessBase"]
[SourceQuality "1"]

{[%evp 22,139,45,44,50,47,29,39,16,12,30,30,30,18,21,32,40,14,15,0,0,0,0,0,0,0,0,0,0,-202,-204,-177,-38,-48,-53,-48,-47,-56,0,0,0,0,0,0,0,0,0,0,0,0,0,0,0,0,0,0,0,0,0,0,8,8,8,8,8,8,8,8,8,8,8,8,8,8,124,124,124,124,124,124,124,8,4789,584,29964,29964,29961,29963,29965,29965,29967,29968,29971,29972,29972,29967,29967,29968,29974,29972,29972,29973,29973,29974,29975,29976,29976,29977,29976,29978,29979,29980,29980,29980,29981,29980,29980,29981,29981,29982]} 1. e4 c5 2. Nf3 d6 3. d4 cxd4 4. Nxd4 Nf6 5. Nc3 g6 6. Be3 Bg7 7. f3 O-O 8. Qd2 Nc6 9. O-O-O {[%cal Ba1d1,Bd1d4,Bd4a4][%mdl 32]} d5 10. Nxc6 bxc6 11. Bh6 $1 {[%mdl 4] is recently more successful than 11.exd5.} Bxh6 12. Qxh6 Rb8 {B76: Sicilian Dragon: Yugoslav Attack, 9 g4 and 9 0-0-0.} 13. e5 $1 Nd7 14. Rd4 Re8 $1 {White is slightly better.} (14... Qb6 $2 15. Rh4 Qe3+ 16. Qxe3 $18) 15. e6 ({Much worse is} 15. Rh4 Nf8 $15) 15... fxe6 {Strongly threatening ...Qb6.} 16. Bd3 {[%cal Od3g6]} Nf8 (16... Qb6 17. Bxg6 $1 {[%mdl 512]} Nf6 18. Bxh7+ $1 {[%mdl 512]} (18. Bxe8 Qxd4 19. Bh5 Bd7 $15) 18... Kh8 19. Rh4) 17. h4 {[%cal Bh2h4,Bh4h5][%mdl 32]} e5 18. Ra4 Qd6 19. h5 {Threatens to win with hxg6.} Bf5 20. Bxf5 gxf5 21. Qg5+ Kh8 {And now ...d4 would win.} 22. Qxf5 {[#]} a5 $146 ({Predecessor:} 22... Ra8 23. Ra6 Reb8 24. Rh4 Ne6 25. Rxc6 Ng7 26. Qg5 Qxc6 27. h6 Ne8 28. Qxe5+ Nf6 29. Qxe7 {0-1 (80) Fier,A (2569)-Perunovic,M (2425) Belgrade 2021}) 23. Rd1 {[%cal Oc3e4]} Nd7 $1 24. Ne4 Qh6+ 25. Ng5 $2 (25. Nd2 $11 {and White is okay.} e6 26. Qh3) 25... e6 $19 26. Qg4 Nf6 (26... Re7 $19 {White must now prevent ...Rg7.} 27. f4 Nb6) 27. Qh4 Rb7 (27... Nxh5 $2 28. Rh1 $18) 28. f4 Rg7 {aiming for ...exf4.} (28... Nxh5 $2 29. Rh1 $18) 29. g3 Qxh5 (29... exf4 $15 30. gxf4 e5) 30. fxe5 $11 Qxg5+ 31. Qxg5 Rxg5 32. exf6 $15 {[%mdl 4096] Endgame KRR-KRR} Ra8 33. Rf1 Kg8 34. b4 Rg4 35. Rxa5 Rxa5 36. f7+ Kf8 37. bxa5 $11 {Hoping for Rf4. KR-KR} Ra4 38. Rf6 Rxa2 39. Rxe6 Rxa5 40. Rxc6 Ra3 41. Rh6 Rxg3 42. Rxh7 Rg5 43. Kd2 Rf5 44. Kd3 Rxf7 45. Rh5 Rd7 46. Kd4 Rc7 47. Rh2 Re7 (47... Rf7 $11 {remains equal.}) 48. Kxd5 $16 Ke8 49. Kd6 {White threatens Rh8+ and mate.} Rd7+ 50. Kc6 {Threatening mate with Rh8+.} Rd4 51. Rh5 ({Only move:} 51. Kc5 $16 Ra4 52. c4) 51... Rc4+ {[%mdl 8192]} (51... Rf4 $11) 52. Rc5 $18 Re4 53. Kc7 {White mates.} Re7+ 54. Kc8 Re2 55. Rc7 Re5 56. c4 Re4 57. c5 Rc4 58. Kb7 Rb4+ 59. Kc6 Rb1 60. Rh7 Rc1 61. Kd6 Rd1+ {[#]} 62. Kc7 $1 Rc1 63. c6 {[%cal Bc5c6,Bc6c7][%mdl 32]} Rc2 64. Kb7 Rb2+ {[#]} 65. Kc8 $1 Rc2 66. c7 Rb2 67. Rh1 Re2 68. Rh8+ Ke7 69. Kb7 Rb2+ 70. Ka6 {Quite a comeback for White.  Weighted Error Value: White=0.13 (very precise) /Black=0.24 (precise)} 1-0

[Event "Vienna IM February 2022"]
[Site "Vienna"]
[Date "2022.02.07"]
[Round "4.3"]
[White "Finek, Vaclav"]
[Black "Baidetskyi, Valentin"]
[Result "1/2-1/2"]
[WhiteElo "2419"]
[BlackElo "2427"]
[Annotator "TA"]
[PlyCount "65"]
[EventDate "2022.02.06"]
[EventType "tourn"]
[EventCountry "AUT"]
[SourceTitle "playchess.com"]
[Source "ChessBase"]
[SourceQuality "1"]

{[%evp 17,65,14,18,14,6,0,0,12,32,28,25,36,90,80,124,106,112,107,106,113,102,101,104,94,93,91,122,120,120,118,117,119,119,119,127,0,0,0,0,0,0,0,0,0,0,0,0,0,0,0]} 1. Nf3 Nf6 2. c4 g6 3. d4 {[%cal Bd2d4,Bd4d5][%mdl 32]} Bg7 4. g3 O-O 5. Bg2 d6 6. O-O c5 7. Nc3 Nc6 8. d5 Na5 9. Nd2 e6 10. Qc2 {E66: King's Indian: Fianchetto: 6...c5 7 0-0 Nc6 8 d5.} Re8 11. b3 exd5 12. cxd5 Bd7 13. Bb2 b5 14. Rfe1 {[#]} b4 $146 (14... Rc8 $14) ({Predecessor:} 14... Rc8 15. Nce4 Bf5 16. Nxf6+ Qxf6 17. Bxf6 Bxc2 18. Bxg7 Kxg7 19. Rac1 Bf5 20. e4 Bd7 {1-0 (45) Maric,A (2405)-Chiburdanidze,M (2510) Jakarta 1993}) 15. Nce4 $16 Bf5 (15... Nb7 $142) 16. Nxf6+ Qxf6 17. Bxf6 Bxc2 18. Bxg7 Kxg7 19. Rac1 Bf5 20. e4 {[%cal Be2e4,Be4e5,Be5d6][%mdl 32]} Bd7 21. e5 Rac8 22. f4 {And now Ne4 would win.} Bb5 {[#]} 23. Ne4 $1 ({Don't take} 23. exd6 Rxe1+ 24. Rxe1 Nb7 $14) 23... Nb7 24. Nxd6 {White is more active.} (24. Bh3 {is more complex.} Rcd8 25. Kf2 dxe5 26. Nxc5 Na5 27. Bg2) 24... Nxd6 25. exd6 Kf8 {To avoid Re7} 26. Bf1 ({Better is} 26. Kf2 $16) 26... Rxe1 $11 {The position is equal.} 27. Rxe1 Bxf1 28. Kxf1 {KR-KR} Rd8 29. Rc1 Rxd6 30. Rxc5 {[#] Ra5 is the strong threat.} Ra6 {To avoid Ra5} 31. Rc2 Ke7 32. Ke2 Kd6 33. Rd2 {Weighted Error Value: White=0.08 (flawless) /Black=0.08 (flawless)} 1/2-1/2